000
00245nam a2200097Ia 4500
008
220204s9999 xx 000 0 und d
082
_a
0582009
_b
MAN
245
0
_a
Manorama Yearbook 2009
260
_a
Kottayam
_b
Malayala Manorama
_c
2009
942
_c
BK
999
_c
42830
_d
42830